000 00612nam a2200181 i 4500
001 139012
003 ES-MaACL
005 20230906195703.0
007 t|
008 070214s1952 po a |||| | fre d
100 1 _aSaraiva Lima, Jaime.
_9103749
245 1 0 _aToros au Portugal
_b: conférence faite a Bordeaux le 1º juillet 1951 /
_cJaime Saraiva Lima ; avec une préface de Juan Leal.
260 _aLisboa :
_b[s.n.],
_c1952 (
_fGráf. Neograbura)
300 _a49 p. :
_bil. ;
_c28 cm.
650 4 _aCorridas de toros-
_zPortugal.
_911375
700 1 _aLeal, Juan.
_970969
852 _aES-MaACL
_j1917-F-24
999 _c139012
_d139012